The stroke book : one-on-one advice about stroke prevention management and rehabilitation

Bibliographic Details
Main Author: Ancowitz, Arthur
Format: Book
Published: New York : William Morrow , 1993
Subjects:

MARC

LEADER 00000cam a2200000 7i4500
001 0000001622
002 000001770
005 20071201.0
020 |a 0688090559 
090 0 0 |a 616.81   |b ANC 
100 1 |a Ancowitz, Arthur 
245 1 4 |a The stroke book :   |b one-on-one advice about stroke prevention management and rehabilitation   |c Arthur Ancowitz 
260 |a New York :   |b William Morrow ,   |c 1993 
300 |a 225p. ;   |c 24cm. 
650 0 0 |a Carebrovascular disease   |x Popular works 
999 |a 034534   |b BUKU   |c PINJAMAN   |e PERPUSTAKAAN KOMUNITI PETALING JAYA